000 00471nam a2200193Ia 4500
005 20250423100500.0
008 250422s9999 xx 000 0 und d
020 _a0314623175
050 _aHF 5549 .M334/
100 _aMathis, Robert L
245 0 _aPersonnel : human resource management
250 _a5th ed.
260 _aNew York
260 _bWest Publishing Company
260 _c1988
300 _a639 p
650 _aPersonnel management.
942 _cBK
999 _c33443
_d33443